00611 2200193 4500001002100000005001500021008004100036020000800077035001900085041000800104082001000112084001600122100002500138245003800163260004500201300002700246520011000273650003400383INLIS00000000000106420200508201317200508||||||||| | ||| |||| ||ind|| a514 0010-0520001064 aind0 a341.6 a341.6/DJA/H0 aG.P.H. Djatikolsoemo00aHukum International Bagian Perang aJakartabPt. Raja Grafindo Persadac1956 a105 hlm.; 23 cmc23 cm aBerisikan hal-hal yang berkaitan dengan perang, pengertian perang, dan hukum internasional tentang perang 0a1. Hukum Perang International